000 00885nam a2200253 i 4500
001 bg
100 1 _aSTANKIEWICZ, Jan
245 0 0 _aRachunek różniczkowy i całkowy funkcji jednej zmiennej :
_bteoria, przykłady, zadania /
_cJan Stankiewicz, Katarzyna Wilczek.
260 _aRzeszów :
_bOficyna Wydawnicza Politechniki Rzeszowskiej,
_c2002.
300 _a314 s. ;
_c24 cm.
490 1 _aMatematyka dla studentów Politechniki Rzeszowskiej
504 _aBibliogr.
521 _aDla studentów Wydz. Budowy Maszyn i Lotnictwa.
650 9 _aRachunek całkowy
650 9 _aRachunek różniczkowy
655 _aPodręczniki akademickie
700 1 _aWILCZEK, Ktarzyna
830 _aMatematyka dla studentów Politechniki Rzeszowskiej
040 _cBPK
041 0 _apl
080 _a517.5:517.2/.3](075.8)
942 _cKS
008 s pl f |000 0 pol
999 _c42419
_d42419
856 _uhttp://koha.tu.koszalin.pl/cgi-bin/koha/opac-detail.pl?biblionumber=42419
_yKatalog online BPK